Simulación y control de sistemas dinámicos utilizando openmodelica
Enregistré dans:
| Auteur principal: | |
|---|---|
| Autres auteurs: | |
| Format: | Livre |
| Publié: |
[San José, Costa Rica]
2009
|
| Sujets: | |
| Tags: |
Ajouter un tag
Pas de tags, Soyez le premier à ajouter un tag!
|
MARC
| LEADER | 00000nam a2200000Ia 4500 | ||
|---|---|---|---|
| 003 | 001606 | ||
| 005 | 20240422151624.0 | ||
| 008 | 140114s2009 cr a 000 ||s d | ||
| 040 | |c cru CEDI | ||
| 090 | |a TFG 6118 | ||
| 100 | |a Barrantes Chaves, Mariana, 1987- |9 1347 | ||
| 245 | |a Simulación y control de sistemas dinámicos utilizando openmodelica | ||
| 260 | |a [San José, Costa Rica] |c 2009 | ||
| 500 | |a Proyecto de graduación (bachillerato en ingeniería eléctrica)--Universidad de Costa Rica. Facultad de Ingeniería. Escuela de Ingeniería Eléctrica | ||
| 501 | |a Profesor Guía de IE-0502 Proyecto Eléctrico: Ing. Víctor Alfaro Ruiz | ||
| 650 | |x SIMULACION POR COMPUTADORA |x CONTROL AUTOMATICO |x CONTROLADORES LOGICOS PROGRAMABLES |x PROGRAMAS PARA COMPUTADORA |9 3184 | ||
| 700 | |a Alfaro Ruiz, Víctor Manuel, 1950- |d Director de Proyecto Eléctrico |9 1328 | ||
| 942 | |c TFG |h TFG 6118 |i 001606 |6 TFG_6118_001606000000000 | ||
| 999 | |c 16097 |d 16097 | ||
